| 000 | 00604nam a2200205 4500 | ||
|---|---|---|---|
| 003 | OSt | ||
| 005 | 20240716021416.0 | ||
| 006 | a | ||
| 008 | 240716b |||||||| |||| 00| 0 eng d | ||
| 020 | _a9789710445615 | ||
| 040 |
_aDWCL-HMN lib. _cOC |
||
| 082 | _aFil. 641.2 T833b 2009 | ||
| 100 | _aTrinidad, Ma. Cristina Q. | ||
| 245 | _aBeverage knowledge: an introduction to bar operation / | ||
| 260 |
_aManila : _bMindshapers Co., Inc., _cc2009. |
||
| 300 |
_b256 p. : ill. ; _c25 cm. |
||
| 504 | _aIncludes bibliographical references. | ||
| 650 | _a1. Beverages. | ||
| 942 |
_2ddc _n0 _cBK - FIL _kFil. |
||
| 999 |
_c2227 _d2227 |
||